Aspectos básicos del psicoanálisis Freudiano / Henning Jensen P.
Uloženo v:
| Hlavní autor: | |
|---|---|
| Médium: | Kniha |
| Jazyk: | Spanish |
| Témata: | |
| Tagy: |
Přidat tag
Žádné tagy, Buďte první, kdo vytvoří štítek k tomuto záznamu!
|
MARC
| LEADER | 00000nam a22000007a 4500 | ||
|---|---|---|---|
| 003 | cru IIS | ||
| 005 | 20231020062559.0 | ||
| 007 | ta | ||
| 008 | 220801b |||||||| |||| 00| 0 spa d | ||
| 040 | |c cru IIS | ||
| 100 | 1 | |9 9404 |a Jensen Pennington, Henning |e Autor | |
| 245 | 1 | |a Aspectos básicos del psicoanálisis Freudiano / |b Henning Jensen P. | |
| 300 | |a 34 páginas | ||
| 650 | 0 | |a PSICOLOGIA |9 3105 | |
| 650 | 0 | |9 5457 |a PSICOANALISIS | |
| 651 | 0 | |9 32 |a COSTA RICA | |
| 773 | 0 | |0 18811 |9 3258 |a Universidad de Costa Rica. Instituto de Investigaciones en Psicología |d San José, C.R.: Editorial de la UCR |o 03672 |t Actualidades en Psicología / | |
| 942 | |2 ddc |c PP | ||
| 999 | |c 44455 |d 44455 | ||
